MARC details
| 000 -LEADER |
| campo de control de longitud fija |
01461nam a2200361 i 4500 |
| 001 - NÚMERO DE CONTROL |
| campo de control |
165439 |
| 003 - IDENTIFICADOR DE NÚMERO DE CONTROL |
| campo de control |
ES-MaACL |
| 005 - FECHA Y HORA DE LA ÚLTIMA TRANSACCIÓN |
| campo de control |
20250815063239.0 |
| 008 - DATOS DE LONGITUD FIJA--INFORMACIÓN GENERAL |
| campo de control de longitud fija |
000110s1872 sp a |||| | spa d |
| 040 ## - FUENTE DE CATALOGACIÓN |
| Centro catalogador/agencia de origen |
M-RACE |
| Lengua de catalogación |
spa |
| Centro/agencia transcriptor |
M-RACE |
| Centro/agencia modificador |
CCPB | B |
| 080 ## - NÚMERO DE LA CLASIFICACIÓN DECIMAL UNIVERSAL |
| Número de la Clasificación Decimal Universal |
62/69 |
| 100 1# - ENTRADA PRINCIPAL--NOMBRE DE PERSONA |
| Nombre de persona |
Sitges, Juan B., |
| Fechas asociadas al nombre |
1842-1919 |
| Término indicativo de función/relación |
Autor |
| 9 (RLIN) |
170252 |
| 245 10 - MENCIÓN DEL TÍTULO |
| Título |
Nociones de artes mecánicas y procedimientos industriales / |
| Mención de responsabilidad, etc. |
por Don J. B. Sitges |
| 260 ## - PUBLICACIÓN, DISTRIBUCIÓN, ETC. |
| Lugar de publicación, distribución, etc. |
Madrid : |
| Nombre del editor, distribuidor, etc. |
[s.n.], |
| Fecha de publicación, distribución, etc. |
1872 |
| Fabricante |
(Imp. de Manuel Tello) |
| 300 ## - DESCRIPCIÓN FÍSICA |
| Extensión |
XIV, 316 páginas : |
| Otras características físicas |
ilustraciones (blanco y negro) ; |
| Dimensiones |
23 cm |
| 500 ## - NOTA GENERAL |
| Nota general |
Índice |
| 505 0# - NOTA DE CONTENIDO CON FORMATO |
| Nota de contenido con formato |
Motores y herramientas; Metalurgia; Industrias químicas; Sustancias alimenticias; Industrias que se relacionan con el vestido; Industrias gráficas |
| 530 ## - NOTA DISPONIBLE DE FORMULARIO FÍSICO ADICIONAL |
| Nota de formato físico adicional disponible |
Disponible en formato digital |
| 650 07 - PUNTO DE ACCESO ADICIONAL DE MATERIA--TÉRMINO DE MATERIA |
| Término de materia o nombre geográfico como elemento de entrada |
Tecnología |
| Fuente del encabezamiento o término |
embne |
| 9 (RLIN) |
17398 |
| 650 #7 - PUNTO DE ACCESO ADICIONAL DE MATERIA--TÉRMINO DE MATERIA |
| Término de materia o nombre geográfico como elemento de entrada |
Mecánica |
| Fuente del encabezamiento o término |
embne |
| 9 (RLIN) |
14869 |
| 650 #7 - PUNTO DE ACCESO ADICIONAL DE MATERIA--TÉRMINO DE MATERIA |
| Término de materia o nombre geográfico como elemento de entrada |
Motores |
| Fuente del encabezamiento o término |
embne |
| 9 (RLIN) |
159468 |
| 650 #7 - PUNTO DE ACCESO ADICIONAL DE MATERIA--TÉRMINO DE MATERIA |
| Término de materia o nombre geográfico como elemento de entrada |
Metalurgia |
| Fuente del encabezamiento o término |
embne |
| 9 (RLIN) |
136491 |
| 650 #7 - PUNTO DE ACCESO ADICIONAL DE MATERIA--TÉRMINO DE MATERIA |
| Término de materia o nombre geográfico como elemento de entrada |
Industria química |
| Fuente del encabezamiento o término |
embne |
| 9 (RLIN) |
13744 |
| 650 #7 - PUNTO DE ACCESO ADICIONAL DE MATERIA--TÉRMINO DE MATERIA |
| Término de materia o nombre geográfico como elemento de entrada |
Alimentos |
| Fuente del encabezamiento o término |
embne |
| 9 (RLIN) |
9730 |
| 650 #7 - PUNTO DE ACCESO ADICIONAL DE MATERIA--TÉRMINO DE MATERIA |
| Término de materia o nombre geográfico como elemento de entrada |
Fibras textiles |
| Fuente del encabezamiento o término |
embne |
| 9 (RLIN) |
144266 |
| 650 #7 - PUNTO DE ACCESO ADICIONAL DE MATERIA--TÉRMINO DE MATERIA |
| Término de materia o nombre geográfico como elemento de entrada |
Tejidos |
| Fuente del encabezamiento o término |
embne |
| 9 (RLIN) |
17422 |
| 650 #7 - PUNTO DE ACCESO ADICIONAL DE MATERIA--TÉRMINO DE MATERIA |
| Término de materia o nombre geográfico como elemento de entrada |
Industria gráfica |
| Fuente del encabezamiento o término |
embne |
| 9 (RLIN) |
241758 |
| 852 4# - LOCALIZACIÓN |
| Ubicación |
ES-MaACL |
| Ubicación en estantería |
Sala Palomar |
| Número de control de estantería |
C-3218 |
| Encuadernación |
Holandesa |
| 856 4# - LOCALIZACIÓN Y ACCESO ELECTRÓNICOS |
| Identificador Uniforme de Recursos |
<a href="https://bdh-rd.bne.es/viewer.vm?id=0000107592&page=1">https://bdh-rd.bne.es/viewer.vm?id=0000107592&page=1</a> |
| Texto de enlace |
Versión en línea |
| Nota pública |
(Biblioteca Digital Hispánica) |
| 942 ## - ELEMENTOS DE ENTRADA SECUNDARIOS (KOHA) |
| Tipo de ítem Koha |
Libro impreso antiguo |
| Suprimir en OPAC |
No |